Classement ligue 1 2015/2016 - Statistiques

Statistiques générales
  • Ce quiz a été pris 542 fois
  • Le résultat moyen est 17 sur 20
Statistiques - réponses
Hint Réponse % Correct
2e Lyon
100%
13e Marseille
100%
1er Paris SG
100%
5e Lille
98%
3e Monaco
97%
8e Rennes
96%
4e Nice
95%
11e Bordeaux
93%
6e Saint-Etienne
93%
12e Montpellier
92%
14e Nantes
91%
17e Toulouse
89%
9e Angers
80%
18e Reims
80%
15e Lorient
79%
10e Bastia
74%
19e GFC Ajaccio
74%
20e Troyes
67%
7e Caen
66%
16e Guingamp
66%
Aucun quiz correspondant
Distribution des résultats
% des personnes avec chaque résultat
Percentile par nombre de réponses
Votre historique - résultats
Vous n’avez pas pris ce quiz